书目信息 |
| 题名: |
画法几何解题指导
|
|
| 作者: | 刘德海 等编 | |
| 分册: | ||
| 出版信息: | 大连 大连工学院出版社 1988.12 |
|
| 页数: | 123页 | |
| 开本: | 16开 | |
| 丛书名: | ||
| 单 册: | ||
| 中图分类: | O185.2-44 | |
| 科图分类: | ||
| 主题词: | ||
| 电子资源: | ||
| ISBN: | 7-5611-0109-0 | |
| 000 | 00458nam0 2200157 45 | |
| 001 | 0199008080 | |
| 005 | 20081029154009.46 | |
| 010 | @a7-5611-0109-0@d1.43元 | |
| 100 | @a19990804d km y0chiy0120 ea | |
| 101 | 0 | @achi |
| 200 | 1 | @AHUA FA JI HE JIE TI ZHI DAO@FLIU DE HAI DENG BIAN@a画法几何解题指导@f刘德海 等编 |
| 210 | @a大连@c大连工学院出版社@d1988.12 | |
| 215 | @a123页@c无图表@d16开 | |
| 690 | @aO185.2-44 | |
| 801 | 0 | @c20081029 |
| 905 | @dO185.2-44@eL290@f25 | |
| 画法几何解题指导/刘德海 等编.-大连:大连工学院出版社,1988.12 |
| 123页:无图表;16开 |
| ISBN 7-5611-0109-0:1.43元 |
| ● |
| 相关链接 |
|
|
|
正题名:画法几何解题指导
索取号:O185.2-44/L290
 
预约/预借
| 序号 | 登录号 | 条形码 | 馆藏地/架位号 | 状态 | 备注 |
| 1 | 10910 | 200025757 | 自科库401/ [索取号:O185.2-44/L290] | 在馆 | |
| 2 | 10911 | 200024847 | 自科二线504/401自科库 48排3列2层/ [索取号:O185.2-44/L290] | 在馆 | |
| 3 | 10914 | 200025365 | 自科库401/ [索取号:O185.2-44/L290] | 在馆 | |
| 4 | 10915 | 200023152 | 自科二线504/504自科库 49排2列3层/ [索取号:O185.2-44/L290] | 在馆 | |
| 5 | 10917 | 200025882 | 自科库401/ [索取号:O185.2-44/L290] | 在馆 | |
| 6 | 10918 | 200025702 | 自科库401/ [索取号:O185.2-44/L290] | 在馆 | |
| 7 | 10919 | 200024142 | 自科库401/ [索取号:O185.2-44/L290] | 在馆 | |
| 8 | 10920 | 200023802 | 自科库401/ [索取号:O185.2-44/L290] | 在馆 | |
| 9 | 10921 | 200297115 | 自科二线504/504自科库 49排2列3层/ [索取号:O185.2-44/L290] | 在馆 | |
| 10 | 10922 | 200023278 | 自科库401/ [索取号:O185.2-44/L290] | 在馆 | |
| 11 | 10923 | 200024133 | 自科二线504/504自科库 25排2列2层/ [索取号:O185.2-44/L290] | 在馆 | |
| 12 | 10924 | 200024151 | 自科二线504/504自科库 49排2列3层/ [索取号:O185.2-44/L290] | 在馆 | |
| 13 | 10925 | 200025695 | 自科库401/ [索取号:O185.2-44/L290] | 在馆 | |
| 14 | 10926 | 200305954 | 自科库401/ [索取号:O185.2-44/L290] | 在馆 | |
| 15 | 10927 | 200025132 | 自科库401/ [索取号:O185.2-44/L290] | 在馆 | |
| 16 | 10928 | 200023170 | 自科库401/ [索取号:O185.2-44/L290] | 在馆 | |
| 17 | 10929 | 200024678 | 自科二线504/504自科库 49排2列3层/ [索取号:O185.2-44/L290] | 在馆 | |
| 18 | 10930 | 200023535 | 自科二线504/504自科库 49排2列3层/ [索取号:O185.2-44/L290] | 在馆 | |
| 19 | 10931 | 200025329 | 自科二线504/504自科库 49排2列3层/ [索取号:O185.2-44/L290] | 在馆 | |
| 20 | 10932 | 200024099 | 自科库401/ [索取号:O185.2-44/L290] | 在馆 | |
| 21 | 10933 | 200024865 | 自科库401/ [索取号:O185.2-44/L290] | 在馆 | |
| 22 | 460384 | 204603848 | 自科二线504/401自科库 48排3列2层/ [索取号:O185.2-44/L290] | 在馆 |